000
00337 a2200157 4500
001
15315
020
_a
9788547303532
040
_c
Anchieta - Aquarius
100
_a
Sydenstricker, Iara
240
1
0
_a
Victor espia
_l
245
1
0
_a
Victor espia
300
_a
27
362
0
_a
2016
650
4
_a
Literatura infanto-juvenil
942
_c
BK
999
_c
15315
_d
15315